Vivo en dos casas.

Guardado en:
Detalles Bibliográficos
Autor principal: Smet, Miren, de (autor)
Otros autores: Talsma, Nynke (autor) (autor), Castellón, Juan Carlos, tr (autor) tr, (autor)
Formato: Libro
Idioma:Español
Colección:(El esfuerzo de crecer)
Temas:
Etiquetas: Agrega una etiqueta
Sin etiquetas, Sé el primero en etiquetar este registro!

MARC

LEADER 00000nam^a2200000^u^4500
001 000510828
005 20250521000000.0
008 071018s1000^^^^^^^^^^^^r^^^^^000^0^spa^d
009 20260310130135.389
022 |a 9788496708372 
035 |a FCE 000055038 
037 |a Acervo ITESO - Biblioteca 
041 |a spa 
082 0 4 |a 808.0688  |b SMEv 
100 |a Smet, Miren, de  |e (autor) 
245 1 0 |a Vivo en dos casas. 
264 |a Barcelona, España :  |b Malsinet editor,  |c 2008. 
300 |a 25 p. :  |b il. col. 
336 |a texto  |b txt  |2 rdacontenido 
337 |a sin mediación  |b n  |2 rdamedio 
338 |a volumen  |b nc  |2 rdasoporte 
440 1 |a (El esfuerzo de crecer) 
596 |a Cubierta dice: El esfuerzo de crecer. Historias para que los niños aprendan a superar sus temores. 
596 |a Traducción de: Ik woon in twee huizen. 
649 |a XX 
650 |a Cuentos 
650 |a Psicología infantil 
650 |a Divorcio 
700 |a Talsma, Nynke  |e (autor) 
700 |a Castellón, Juan Carlos,  |e tr  |e (autor) 
910 |a Fondo Centro de Estudios Educativos 
920 |a Impresos - Libros 
930 |a Fondos Especiales 
905 |a 133 
901 |a ALE008496  |b IT2  |c CEE  |u 20250521 
902 |a https://opac.biblio.iteso.mx/vufind/Record/000510828